000 01196nam a2200229Ia 4500
001 A340-35323
003 IT-CnALBA
008 170116s9999||||xx |||||||||||||| ||und||
040 _aIT-CnALBA
_cIT-CnALBA
041 _aBILINGUE
100 _aEMANUELE CARLO DI SAVOIA
245 0 _aLEGGI E COSTITUZIONI DI SUA MAESTÀ. TOMO II.
250 _a1a ed.
260 _a TORINO, MILANO, ROMA
_bREALE STAMPERIA
_c1770 [1° Ed.:1770]
300 _a563 p.
500 _aGIUDICI SEGRETARI. ACCUSATORI. CATTURA. DIFESA. SENTENZE. APPELLO. PENE. SPESE. RILASCIO PRIGIONIERI. DELITTI. ULTIME VOLONTÀ. EREDITÀ. INVENTARI. QUIETANZE. MAGISTRATO DELLA CAMERA. IPOTECA. PRESCRIZIONI. NOTAI. MAGISTRATI DELLA CAMERA. DEMANIO. FEUDO. T
501 _aSocietà San Paolo EM - Piazza San Paolo, 14 - 12051 ALBA (CN) (non commercial uses only) ® Copyright 2017
520 _aGIUDICI SEGRETARI. ACCUSATORI. CATTURA. DIFESA. SENTENZE. APPELLO. PENE. SPESE. RILASCIO PRIGIONIERI. DELITTI. ULTIME VOLONTÀ. EREDITÀ. INVENTARI. QUIETANZE. MAGISTRATO DELLA CAMERA. IPOTECA. PRESCRIZIONI. NOTAI. MAGISTRATI DELLA CAMERA. DEMANIO. FEUDO. T
650 _aDIRITTO CIVILE
942 _cBK
957 _71
999 _a40089
_bSI
_g Copie: 1
_c294152
_d294152